Radio mast deals (Record no. 66409)
[ view plain ]
| 000 -LEADER | |
|---|---|
| fixed length control field | 00847cam a2200193 4500 |
| 001 - CONTROL NUMBER | |
| control field | WB3711-02 |
| 008 - FIXED-LENGTH DATA ELEMENTS--GENERAL INFORMATION | |
| fixed length control field | 000000n2001 000 0 eng u |
| 035 ## - SYSTEM CONTROL NUMBER | |
| System control number | (Sirsi) u111452 |
| 245 ## - TITLE STATEMENT | |
| Title | Radio mast deals |
| 260 ## - PUBLICATION, DISTRIBUTION, ETC. | |
| Date of publication, distribution, etc. | 2001 |
| 490 ## - SERIES STATEMENT | |
| Series statement | Birmingham Post |
| Volume/sequential designation | 15 March 2001, 5(1) |
| 520 ## - SUMMARY, ETC. | |
| Summary, etc. | Landowners who sign lucrative radio mast deals with mobile phone operators may find that they have signed away many of their rights, according to a lawyer specialising in commercial property. Martineau Johnson lawyer, Rebecca Dean, reveals that once a contract is signed the mobile phone operators have 'unfettered' powers to install any apparatus they want, above or below ground. |
| 590 ## - LOCAL NOTE (RLIN) | |
| Local note | WB |
| 650 ## - SUBJECT ADDED ENTRY--TOPICAL TERM | |
| Topical term or geographic name entry element | MOBILE PHONE MASTS |
| 650 ## - SUBJECT ADDED ENTRY--TOPICAL TERM | |
| Topical term or geographic name entry element | TELECOMMUNICATIONS |
| 650 ## - SUBJECT ADDED ENTRY--TOPICAL TERM | |
| Topical term or geographic name entry element | Contracts |
| 9 (RLIN) | 6232 |
| 690 ## - LOCAL SUBJECT ADDED ENTRY--TOPICAL TERM (OCLC, RLIN) | |
| Topical term or geographic name as entry element | Boundary disputes |
| 9 (RLIN) | 6221 |
| 942 ## - ADDED ENTRY ELEMENTS (KOHA) | |
| Suppress in OPAC | 0 |
| Withdrawn status | Lost status | Source of classification or shelving scheme | Damaged status | Not for loan | Home library | Current library | Shelving location | Date acquired | Total Checkouts | Full call number | Barcode | Date last seen | Copy number | Price effective from | Koha item type |
|---|---|---|---|---|---|---|---|---|---|---|---|---|---|---|---|
| Dewey Decimal Classification | London | London | News article | 15/03/2001 | WB3711-02 | 111452-1001 | 06/08/2019 | 1 | 06/08/2019 | News article |